000 00833nam a2200217 a 4500
001 000021813
005 20240314073718.0
008 100913s1997 dr 000 0 spa d
040 _aDO-SdBNP
_bspa
_cBNPHU
082 _a923.2
_bC196a
100 1 _aCampillo Pérez, Julio Genaro
_913954
245 1 0 _aEn los albores de la patria :
_b(homenaje a Juan Pablo Duarte) /
_cJulio Genaro Campillo Pérez.
260 _aSanto Domingo :
_bAlfa y Omega,
_c1997.
300 _a102 p. ;
_c23 cm.
500 _aIncluye notas al pie de páginas
600 1 0 _aDuarte, Juan Pablo,
_d1813-1876
_91494
600 1 0 _aDuarte, Juan Pablo,
_d1813-1876
_91494
651 4 _aRepública Dominicana
_xHistoria
_yOCUPACIÓN HAITIANA, 1822-1844
_97666
710 1 _aRepública Dominicana
_bComisión Permanente de Efemérides Patria
_945309
049 _aBNPD
999 _c21311
_d21311